000 00542nam a2200169 i 4500
001 31834
003 ES-MaACL
005 20230906154443.0
007 t|
008 030130s1971 sp ||||1| spa d
100 1 _aBecker, Raymond de.
_926951
245 1 0 _aCómo interpretar los sueños /
_cpor Raymond de Becker ; traductor: Mª Teresa Sánchez Concheiro.
260 _aMadrid :
_bIbérico Europea,
_c[1971]
300 _a2 v. ;
_c21 cm.
700 1 _aSánchez Concheiro, María Teresa.
_9102551
852 _aES-MaACL
_jC-39122-23
_bR.76538
999 _c31834
_d31834